Panorama de un mundo cambiante /

保存先:
書誌詳細
団体著者: Universidad de Costa Rica. Escuela de Estudios Generales
フォーマット: 不明
言語:Spanish
出版事項: San José, Costa Rica : Editorial de la Universidad de Costa Rica, 1996.
主題:
タグ: タグ追加
タグなし, このレコードへの初めてのタグを付けませんか!

MARC

LEADER 000000000a22000000004500
001 003450
020 |a 9977673381 
041 0 |a spa 
082 0 4 |a 303.4   |b P195p 
110 2 |a Universidad de Costa Rica.   |b Escuela de Estudios Generales 
245 1 0 |a Panorama de un mundo cambiante /   |c Universidad de Costa Rica. Escuela de Estudios Generales. 
260 1 |a San José, Costa Rica :   |b Editorial de la Universidad de Costa Rica,   |c 1996. 
300 |a 268 páginas :   |b ilustraciones, mapas ;   |c 28 cm. 
650 4 |a CAMBIO SOCIAL 
650 4 |a UNIVERSIDAD DE COSTA RICA. ESCUELA DE ESTUDIOS GENERALES 
999 |c 9673  |d 9673 
942 |c BK  |h 303.4 P195p  |2 z